Films dont le titre commence par un B (2) - Statistiques

Statistiques générales
  • Ce quiz a été pris 17 fois
  • Le résultat moyen est 4 sur 30
Statistiques - réponses
Année Réalisateur Genre 1 acteur ou
1 actrice
Titre % Correct
2008 D. Boon Comédie Kad Merad Bienvenue chez les Chtis
88%
2010 D. Aronofsky Thriller Natalie Portman Black swan
59%
1995 M. Gibson Aventures Mel Gibson Braveheart
53%
2017 D. Villeneuve Science-fiction Harrison Ford Blade Runner 2049
41%
1992 P. Verhoeven Policier Michael Douglas Basic instinct
35%
1992 M. Jackson Policier Kevin Costner Bodyguard
35%
2016 T. Bekmambetov Peplum Jack Huston Ben Hur
18%
2013 N. Vanier Comédie dramatique Mehdi Belle et Sébastien
12%
2004 B. Kidron Comédie Renée Zellweger Bridget Jones l'âge de raison
12%
1995 C. Noonan Comédie Christine Cavanaugh Babe
6%
2015 J-P Rappeneau Drame Mathieu Amalric Belles familles
6%
2010 D. Bensalah Comédie Beaissa Ahaouari Beur sur la ville
6%
2011 E. Lavaine Comédie Frank Dubosc Bienvenue à bord
6%
2015 J. Rambaldi Comédie Marc Zinga Bienvenue à Marly-Gomont
6%
2016 S. Maguire Comédie Renée Zellweger Bridget Jones Baby
6%
2012 P. Berg Action Taylor Kitsch Battleship
0%
2012 J. Whedon Comédie Salvador Alvarez Beaucoup de bruit pour rien
0%
1996 E. Molinaro Comédie Michel Aumont Beaumarchais l'insolent
0%
2019 H. Cabello Reyes Comédie Josiane Balasko Beaux-parents
0%
2018 B. Podalydès Comédie Denis Podalydès Bécassine
0%
2010 L. Miniero Comédie Dany Boon Benvenuti al Sud
0%
2002 F. Palluau Comédie Jean Dujardin Bienvenue chez les Rozes
0%
2012 T. Singh Fantastique Jordan Prentice Blanche Neige
0%
2002 P. Greengrass Drame James Nesbitt Bloody Sunday
0%
2004 J. Kounen Western Vincent Cassel Blueberry l"expérience secrète
0%
2017 F. Quentin Comédie Guillaume de Tonquédec Bonne pomme
0%
2013 F. Magnier Comédie Alexandre Charlot Boule et Bill
0%
2017 Z. Braff Comédie Michael Caine Braquage à l'ancienne
0%
2002 D. Hesdine Epouvante Vernon Dobtcheff Brocéliande
0%
2003 T. Shadyac Comédie Ken Rudulph Bruce tout-puissant
0%
Aucun quiz correspondant
Distribution des résultats
% des personnes avec chaque résultat
Percentile par nombre de réponses
Votre historique - résultats
Vous n’avez pas pris ce quiz